The Black insider (Record no. 20536)
[ view plain ]
| 000 -LEADER | |
|---|---|
| fixed length control field | 00428nam a2200193Ia 4500 |
| 003 - CONTROL NUMBER IDENTIFIER | |
| control field | 0100 |
| 008 - FIXED-LENGTH DATA ELEMENTS--GENERAL INFORMATION | |
| fixed length control field | 130303s9999 xx 000 0 und d |
| 040 ## - CATALOGING SOURCE | |
| Transcribing agency | ARRUPELIB |
| 050 ## - LIBRARY OF CONGRESS CALL NUMBER | |
| Classification number | PR9390.9.M3B5 1990 |
| 300 ## - PHYSICAL DESCRIPTION | |
| Other physical details | 23 cm |
| 100 ## - MAIN ENTRY--PERSONAL NAME | |
| Personal name | Marechera, Dambudzo |
| 245 #4 - TITLE STATEMENT | |
| Title | The Black insider |
| 260 ## - PUBLICATION, DISTRIBUTION, ETC. (IMPRINT) | |
| Place of publication, distribution, etc | Harare |
| 260 ## - PUBLICATION, DISTRIBUTION, ETC. (IMPRINT) | |
| Name of publisher, distributor, etc | Baobab |
| 260 ## - PUBLICATION, DISTRIBUTION, ETC. (IMPRINT) | |
| -- | 1990 |
| 300 ## - PHYSICAL DESCRIPTION | |
| Extent | 128p. |
| 700 ## - ADDED ENTRY--PERSONAL NAME | |
| Personal name | Veit-Wild, Flora (ed.) |
| 942 00 - ADDED ENTRY ELEMENTS (KOHA) | |
| Koha issues (borrowed), all copies | 2 |
| Withdrawn status | Lost status | Source of classification or shelving scheme | Damaged status | Not for loan | Collection code | Home library | Current library | Shelving location | Date acquired | Total Checkouts | Full call number | Barcode | Date last seen | Date checked out | Copy number | Price effective from | Koha item type | Checked out |
|---|---|---|---|---|---|---|---|---|---|---|---|---|---|---|---|---|---|---|
| Library of Congress Classification | Main Collection | ARRUPE LIBRARY | ARRUPE LIBRARY | 04/03/2013 | 1 | PR9390.9.M3B5 1990 | 46003061626 | 12/02/2015 | 04/12/2014 | 1 | 04/03/2013 | Monograph ( Printed materials) | ||||||
| Library of Congress Classification | Main Collection | ARRUPE LIBRARY | ARRUPE LIBRARY | 04/03/2013 | 1 | PR9390.9.M3B5 1990 | 46003063660 | 10/06/2024 | 10/06/2024 | 2 | 04/03/2013 | Monograph ( Printed materials) | 10/06/2024 | |||||
| Library of Congress Classification | Main Collection | ARRUPE LIBRARY | ARRUPE LIBRARY | 04/03/2013 | 2 | PR9390.9.M3B5 1990 | 46003063666 | 01/10/2024 | 16/09/2024 | 4 | 04/03/2013 | Monograph ( Printed materials) |